MARC details
| 000 -CABECERA |
| campo de control de longitud fija |
01712nam a2200277 a 4500 |
| 001 - NÚMERO DE CONTROL |
| campo de control |
000024571 |
| 005 - FECHA Y HORA DE LA ÚLTIMA TRANSACCIÓN |
| campo de control |
20240731114020.0 |
| 008 - DATOS DE LONGITUD FIJA--INFORMACIÓN GENERAL |
| campo de control de longitud fija |
110131s1984 mx r 000 | spa d |
| 020 ## - NÚMERO INTERNACIONAL ESTÁNDAR DEL LIBRO |
| Número Internacional Estándar del Libro |
968409261X |
| 040 ## - FUENTE DE LA CATALOGACIÓN |
| Centro catalogador/agencia de origen |
DO-SdBNP |
| Lengua de catalogación |
spa |
| Centro/agencia transcriptor |
BNPHU |
| 041 17 - CÓDIGO DE LENGUA |
| Código de lengua del texto/banda sonora o título independiente |
eng |
| Código de lengua original |
spa |
| Fuente del código |
Código de idioma MARC |
| 082 ## - NÚMERO DE LA CLASIFICACIÓN DECIMAL DEWEY |
| Número de clasificación |
330.15 |
| Número de documento/Ítem |
C764ó |
| 049 ## - FONDOS LOCALES (OCLC) |
| Fondos de biblioteca |
BNGR |
| 245 03 - MENCIÓN DE TÍTULO |
| Título |
El control de la oferta : |
| Resto del título |
la reactivación de la economía mediante estímulos gubernamentales a la producción / |
| Mención de responsabilidad, etc. |
compilación David G. Raboy; traducción Aurora Merino. |
| 260 ## - PUBLICACIÓN, DISTRIBUCIÓN, ETC. |
| Lugar de publicación, distribución, etc. |
México, D. F. : |
| Nombre del editor, distribuidor, etc. |
Ediciones Asociados Mexicanos , |
| Fecha de publicación, distribución, etc. |
1984. |
| 300 ## - DESCRIPCIÓN FÍSICA |
| Extensión |
217 p. ; |
| Dimensiones |
20 cm. |
| 500 ## - NOTA GENERAL |
| Nota general |
Incluye referencia bibliográfica al pie de páginas |
| 505 0# - NOTA DE CONTENIDO CON FORMATO |
| Título |
Prefacio / |
| Mención de responsabilidad |
Edwin J. Feulner, Jr. |
| Título |
Introducción / |
| Mención de responsabilidad |
David G. Raboy |
| Título |
Análisis de control de la oferta y la política pública / |
| Mención de responsabilidad |
Norman B. Ture |
| Título |
Antecedentes teóricos de la economía por control de la oferta / |
| Mención de responsabilidad |
David G. Raboy |
| Título |
Expectativas relacionales y economía por control de la oferta: ¿pareja dispareja? / |
| Mención de responsabilidad |
David G. Tuerck |
| Título |
El sistema de empresa, la democracia y bienestar general: acercamiento a la reconciliación / |
| Mención de responsabilidad |
Richard E. Wagner |
| Título |
Impuestos, ahorro y oferta de mano de obra: teoría y evidencia de distorsiones / |
| Mención de responsabilidad |
Mai Nuyen Woo |
| Título |
De la economía Antitrust a la del control de la oferta: la extraña historia de intervención federal en la economía / |
| Mención de responsabilidad |
Naoimi R. Lamoreaux |
| 534 ## - NOTA SOBRE LA VERSIÓN ORIGINAL |
| Encabezamiento principal del original |
Título original : |
| Mención de título del original |
Supply side economics |
| 650 #4 - PUNTO DE ACCESO ADICIONAL DE MATERIA--TÉRMINO DE MATERIA |
| Término de materia o nombre geográfico como elemento de entrada |
Teoria económica |
| 9 (RLIN) |
30923 |
| 650 #4 - PUNTO DE ACCESO ADICIONAL DE MATERIA--TÉRMINO DE MATERIA |
| Término de materia o nombre geográfico como elemento de entrada |
Liberalización económica |
| 9 (RLIN) |
10390 |
| 650 #0 - PUNTO DE ACCESO ADICIONAL DE MATERIA--TÉRMINO DE MATERIA |
| Término de materia o nombre geográfico como elemento de entrada |
Economía política |
| 9 (RLIN) |
5976 |
| 650 #4 - PUNTO DE ACCESO ADICIONAL DE MATERIA--TÉRMINO DE MATERIA |
| Término de materia o nombre geográfico como elemento de entrada |
Sistemas económicos |
| 9 (RLIN) |
7422 |
| 700 1# - PUNTO DE ACCESO ADICIONAL--NOMBRE DE PERSONA |
| Nombre de persona |
Raboy, David G. |
| Término indicativo de función/relación |
comp. |
| 9 (RLIN) |
50383 |
| 700 1# - PUNTO DE ACCESO ADICIONAL--NOMBRE DE PERSONA |
| Nombre de persona |
Merino, Aurora |
| Término indicativo de función/relación |
tr. |
| 9 (RLIN) |
49136 |